Cours de médecine legale de la Faculté de Medicine de Paris / (Record no. 36477)
[ view plain ]
| 000 -LEADER | |
|---|---|
| campo de control de longitud fija | 01413nam a2200193 i 4500 |
| 001 - NÚMERO DE CONTROL | |
| campo de control | 36477 |
| 003 - IDENTIFICADOR DE NÚMERO DE CONTROL | |
| campo de control | ES-MaACL |
| 005 - FECHA Y HORA DE LA ÚLTIMA TRANSACCIÓN | |
| campo de control | 20250806060938.0 |
| 007 - CAMPO FIJO DE DESCRIPCIÓN FÍSICA--INFORMACIÓN GENERAL | |
| campo de control de longitud fija | t| |
| 008 - DATOS DE LONGITUD FIJA--INFORMACIÓN GENERAL | |
| campo de control de longitud fija | 030218m18951909fr ||||1| fre d |
| 100 1# - ENTRADA PRINCIPAL--NOMBRE DE PERSONA | |
| Nombre de persona | Brouardel, Paul ( |
| Fechas asociadas al nombre | 1837-1906) |
| 9 (RLIN) | 126192 |
| 245 10 - MENCIÓN DEL TÍTULO | |
| Título | Cours de médecine legale de la Faculté de Medicine de Paris / |
| Mención de responsabilidad, etc. | P. Brouardel. |
| 260 ## - PUBLICACIÓN, DISTRIBUCIÓN, ETC. | |
| Lugar de publicación, distribución, etc. | Paris : |
| Nombre del editor, distribuidor, etc. | [s.n., |
| Fecha de publicación, distribución, etc. | 1895-1909 ( |
| Lugar de fabricación/manufactura | Corbeil : |
| Fabricante | Crété) |
| 300 ## - DESCRIPCIÓN FÍSICA | |
| Extensión | 13 v. ; |
| Dimensiones | 23 cm. |
| 505 8# - NOTA DE CONTENIDO CON FORMATO | |
| Nota de contenido con formato | Contiene: V. I. La mort et la mort subite -- V. II. Les asphyxies par les gas, les vapeurs et les anesthésiques -- V. III. La pendaison, la strangulation, la suffocation, la submersion -- V. IV. Les explosifs et les explosions au point de vue médico légal -- V. V. L'infanticide -- V. VI. La responsabilité médicale, secret médical, declarations de naissance, inhumations, expertises médico-légales -- V. VII. L'exercice de la medicine et le charlatanisme. V. VIII. Le marriage, mullité, divorce, grossesse, accouchement -- V. IX. L'avortement (falta) -- V. X. Les empoisonnements criminels et accidentels -- V. XI. Les intoxications -- V. XII. Opium, morphine et cocaine. Intoxicationaigue par l'opium. Mangeurs et fumeurs d'opium -- V. XIII. Les blessures et les accidents du travail -- V. XIV. Les attentats aux moeurs |
| 650 07 - PUNTO DE ACCESO ADICIONAL DE MATERIA--TÉRMINO DE MATERIA | |
| Término de materia o nombre geográfico como elemento de entrada | Medicina legal |
| Fuente del encabezamiento o término | embne |
| 9 (RLIN) | 14928 |
| 852 ## - LOCALIZACIÓN | |
| Ubicación | ES-MaACL |
| Número de control de estantería | B-11080-92 |
| Estatus retirado | Estado de pérdida | Estado de daño | No para préstamo | Colección | Biblioteca de origen | Biblioteca actual | Ubicación en estantería | Fecha de adquisición | Fuente de adquisición | Total de préstamos | Signatura topográfica completa | Código de barras | Visto por última vez | Precio de reemplazo | Tipo de ítem Koha |
|---|---|---|---|---|---|---|---|---|---|---|---|---|---|---|---|
| Libros del s. XIX | Biblioteca del Ateneo de Madrid | Biblioteca del Ateneo de Madrid | Sala Pardo Bazán | 17/01/2008 | B-11080-92 | 1038317 | 23/02/2023 | 23/02/2023 | Libro impreso antiguo |
